The sun and cool stars-activity,magnetism,dynamos (Record no. 10245)

MARC details
000 -LEADER
fixed length control field 01067nam a2200265Ia 4500
003 - CONTROL NUMBER IDENTIFIER
control field IN-BaIIA
008 - FIXED-LENGTH DATA ELEMENTS--GENERAL INFORMATION
fixed length control field 211028s9999 xx 000 0 eng d
020 ## - INTERNATIONAL STANDARD BOOK NUMBER
International Standard Book Number 3-540-53955-7
040 ## - CATALOGING SOURCE
Transcribing agency IIA Library
080 ## - UNIVERSAL DECIMAL CLASSIFICATION NUMBER
Universal Decimal Classification number 082.2:52
Item number IAU-C130
111 ## - MAIN ENTRY--MEETING NAME
Meeting name or jurisdiction name as entry element Colloquium of the International Astronomical Union
Location of meeting Finland
Date of meeting or treaty signing 1990 July 17 - 20
9 (RLIN) 17413
245 #4 - TITLE STATEMENT
Title The sun and cool stars-activity,magnetism,dynamos
Remainder of title proceedings of colloquium No.130 of the International Astronomical Union held in Helsinki, Finland, 17 - 20 July 1990
Statement of responsibility, etc. edited by I. Tuominen, Moss D. and Rudiger G.
260 ## - PUBLICATION, DISTRIBUTION, ETC.
Place of publication, distribution, etc. Berlin
Name of publisher, distributor, etc. Springer-Verlag
Date of publication, distribution, etc. 1991
300 ## - PHYSICAL DESCRIPTION
Extent x, 530p.
490 ## - SERIES STATEMENT
Series statement Lecture notes in physics; v. 380
650 ## - SUBJECT ADDED ENTRY--TOPICAL TERM
Topical term or geographic name entry element Astronomy and Astrophysics Thesaurus
650 ## - SUBJECT ADDED ENTRY--TOPICAL TERM
Topical term or geographic name entry element Cool Stars
9 (RLIN) 5425
650 ## - SUBJECT ADDED ENTRY--TOPICAL TERM
Topical term or geographic name entry element Solar activity
9 (RLIN) 1424
650 ## - SUBJECT ADDED ENTRY--TOPICAL TERM
Topical term or geographic name entry element Sun
9 (RLIN) 1200
700 ## - ADDED ENTRY--PERSONAL NAME
Personal name Moss, D., ed.
9 (RLIN) 17414
700 ## - ADDED ENTRY--PERSONAL NAME
Personal name Rudiger, G., ed.
9 (RLIN) 17415
700 ## - ADDED ENTRY--PERSONAL NAME
Personal name Tuominen, I., ed.
9 (RLIN) 17416
710 ## - ADDED ENTRY--CORPORATE NAME
Corporate name or jurisdiction name as entry element International Astronomical Union
942 ## - ADDED ENTRY ELEMENTS (KOHA)
Koha item type Books
Holdings
Withdrawn status Lost status Damaged status Not for loan Home library Current library Shelving location Date acquired Cost, normal purchase price Total Checkouts Full call number Barcode Date last seen Cost, replacement price Price effective from Koha item type Purchase Price
        IIA Library-Bangalore IIA Library-Bangalore General Stacks 18/11/1991 1738.40   082.2:52/ IAU-C130 11155 05/11/2021 1738.40 18/11/1991 Books Rs. 1738.40

Powered by Koha